100 Rzek na mapie - Statystyki

Ogólne statystyki
  • Ten quiz został rozwiązany 106 razy
  • Średni wynik to 27 z 100
Odpowiedzi na mapie
Odpowiedzi zakodowano w zielono-czerwonej skali na mapie do tego quizu, zgodnie z poniższymi procentami.
 
Statystyki odpowiedzi
Rzeka % Poprawnych
Wisła
98%
Amazonka
95%
Nil
93%
Dunaj
88%
Wołga
81%
Missisipi
79%
Kongo
77%
Dniepr
72%
Ganges
70%
Ren
70%
Loara
67%
Dniestr
65%
Eufrat
65%
Missouri
65%
Niger
65%
Lena
63%
Żółta Rzeka
60%
Łaba
58%
Tygrys
58%
Indus
56%
Ob
56%
Rio Grande
53%
Jenisej
49%
Don
47%
Ebro
47%
Tag
47%
Amur
44%
Mekong
44%
Paraná
44%
Zambezi
44%
Jukon
40%
Pad
40%
Yangtze
40%
Kolorado
35%
Mackenzie
35%
Brahmaputra
33%
Murray
33%
Kołyma
28%
Senegal
26%
Ural
26%
Darling
23%
Irtysh
23%
Duero
21%
Oranje
21%
Kolumbia
19%
Limpopo
19%
Ohio
19%
Paragwaj
19%
Peczora
19%
Okawango
16%
Rio Negro
16%
Kama
14%
Arkansas
12%
Irawadi
12%
Kura
12%
Orinoko
12%
Pearl
12%
Sao Francisco
12%
Tennessee
12%
Angara
9%
Red
9%
Saskatchewan
9%
Tocantins
9%
Urugwaj
9%
Madeira
7%
Magdalena
7%
Ottawa
7%
Snake
7%
Xingu
7%
Amu Daria
5%
Anadyr
5%
Araguaia
5%
Athabasca
5%
Dolna Tunguzka
5%
Dźwina
5%
Kasai
5%
Nelson
5%
Nil błękitny
5%
Peace
5%
Pilcomayo
5%
Platte
5%
Syr Daria
5%
Ubangi
5%
Wolta
5%
Ałdan
2%
Dwina
2%
Godawari
2%
Helmand
2%
Indigirka
2%
Kryszna
2%
Narbada
2%
Purus
2%
Rhône
2%
Saluin
2%
Songhua
2%
Świętego Wawrzyńca
2%
Tapajos
2%
Tarim
2%
Dżuba
0%
Japura
0%
Nie znaleziono quizów pasujących do podanych kryteriów
Rozkład punktacji
Procent ludzi z każdym wynikiem
Percentyl według liczby udzielonych odpowiedzi
Twoja historia wyników
Nie rozwiązałeś tego quizu